00320pab a2200121 454500008004000000100001700040245005900057260000900116300001500125362000800140650001500148773003500163180718b2011 xxu||||| |||| 00| 0 eng d aGram, Harvey aSix titans of the Cambridge school: (A review article) c2011 ap.973-994. aSep aEconomists aCambridge Journal of Economics